[Event "SVK-chT1E 9899"]
[Site "SVK"]
[Date "1999.??.??"]
[Round "7"]
[White "Mesiarik, Rudolf"]
[Black "Fiacan, Robert"]
[Result "0-1"]
[WhiteElo "2270"]
[BlackElo "2010"]

1.Nf3 Nf6 2.c4 g6 3.g3 Bg7 4.Bg2 O-O 5.O-O c5 6.d4 d6 7.Nc3 Nc6 8.dxc5 dxc5
9.Bf4 Be6 10.Ne5 Nh5 11.Nxc6 bxc6 12.Bg5 Qc7 13.Qa4 Rab8 14.Qxc6 Qxc6 15.Bxc6 Rxb2
16.Rac1 Nf6 17.Rfd1 Rc8 18.Bb5 h6 19.Bf4 Ng4 20.Rd2 Rxd2 21.Bxd2 Rd8 22.Be1 f5
23.h3 Ne5 24.Na4 Rc8 25.Kg2 Nd7 26.Ba5 Nb8 27.Rd1 Kf7 28.Rd8 Rxd8 29.Bxd8 a6
30.Nxc5 axb5 31.cxb5 Bd5+ 32.f3 Ke8 33.Bc7 Nd7 34.Na6 Bxa2 35.Bf4 e5 36.Be3 Kd8
37.Nb4 Bc4 38.b6 Kc8 39.Nc6 Bxe2 40.Kf2 Ba6 41.Ne7+ Kb7 42.Nxg6 Bd3 43.Ne7 Nxb6
44.Bxb6 Kxb6 45.Ke3 Bb1 46.f4 Bf8 47.Ng6 Bc5+ 48.Ke2 e4 49.g4 Bd3+ 50.Kd2 Bf1
51.gxf5 e3+ 52.Ke1 e2  0-1

[Event "SWZ-chT"]
[Site "SWZ"]
[Date "1999.??.??"]
[Round "1"]
[White "Bauert, Ralph"]
[Black "Miralles, Gilles"]
[Result "1/2-1/2"]
[WhiteElo "2265"]
[BlackElo "2491"]

1.Nf3 Nf6 2.c4 g6 3.g3 Bg7 4.Bg2 O-O 5.O-O d6 6.Nc3 e5 7.d3 Nc6 8.Rb1 a5
9.a3 h6 10.Nd2 Ne7 11.b4 axb4 12.axb4 c6 13.b5 c5 14.Qb3 Nh7 15.Bb2 Ng5 16.Rfe1 f5
17.Ra1 Rxa1 18.Rxa1 f4 19.Ra8 Qd7 20.Nd5 Nxd5 21.Bxd5+ Kh7 22.Ne4 Nh3+ 23.Kg2 fxg3
24.hxg3 Qg4 25.f3 Nf4+ 26.Kf2 Nxd5 27.cxd5 Qh3 28.Nxd6 Qh2+ 29.Ke1 Qxg3+
30.Kd1 Qg1+ 31.Kd2 Qg5+ 32.Kd1 Qg1+ 33.Kd2 Qg5+ 34.Kd1  1/2-1/2

[Event "SWZ-chT"]
[Site "SWZ"]
[Date "1999.??.??"]
[Round "4"]
[White "Bauert, Ralph"]
[Black "Fioramonti, Hung"]
[Result "1/2-1/2"]
[WhiteElo "2265"]
[BlackElo "2380"]

1.Nf3 Nf6 2.c4 g6 3.g3 Bg7 4.Bg2 O-O 5.O-O d6 6.d3 Nc6 7.Nc3 e5 8.Rb1 a5
9.a3 Nd4 10.Bg5 h6 11.Bxf6 Bxf6 12.b4 axb4 13.axb4 c6 14.b5 Ra3 15.bxc6 bxc6
16.Nxd4 exd4 17.Ne4 Bg7 18.Ra1 Rxa1 19.Qxa1 Bg4 20.Re1 Re8 21.h3 Be6 22.Qa3 Bf8
23.Qa4 Bd7 24.Qa7 Re6 25.Qxd4 f5 26.Nd2 Qa5 27.Qb2 Bg7 28.Qc2 Qc3 29.Qa2 Re5
30.Nf3 Ra5 31.Qd2 Qxd2 32.Nxd2 Bc3 33.Rd1 Ra2 34.Nb1 Bb4 35.Bf3 c5 36.Rc1 Ra1
37.Rf1 Ra2 38.Rc1 Ra1 39.Rf1 Ra2 40.Rc1  1/2-1/2

[Event "Isla de Tenerife op"]
[Site "Tenerife"]
[Date "1999.??.??"]
[Round "3"]
[White "Vassallo, Mauricio"]
[Black "Mowsziszian, Karen"]
[Result "0-1"]
[WhiteElo "2380"]
[BlackElo "2500"]

1.Nf3 Nf6 2.c4 g6 3.g3 Bg7 4.Bg2 O-O 5.O-O d6 6.d4 Nbd7 7.Qc2 e5 8.Rd1 Re8
9.Nc3 c6 10.e4 Qe7 11.b3 exd4 12.Nxd4 Nc5 13.f3 a5 14.Bb2 h5 15.a3 h4 16.b4 Ne6
17.Nce2 hxg3 18.hxg3 Ng5 19.Nf4 Nd7 20.Re1 Ne5 21.Kf2 Qd8 22.Nfe2 Qb6 23.c5 dxc5  0-1

[Event "Turku op"]
[Site "Turku"]
[Date "1999.??.??"]
[Round "4"]
[White "Salo, Tapio"]
[Black "Holmsten, Aleksei"]
[Result "0-1"]
[WhiteElo "2330"]
[BlackElo "2373"]

1.Nf3 Nf6 2.c4 g6 3.g3 Bg7 4.Bg2 O-O 5.O-O d5 6.cxd5 Nxd5 7.d4 Nc6 8.e4 Nb6
9.d5 Na5 10.Nc3 c6 11.Bf4 cxd5 12.exd5 Nac4 13.Qe2 Bf5 14.Rac1 Rc8 15.b3 Nd6
16.Be5 Bh6 17.Rcd1 Re8 18.Bd4 Bg4 19.h3 Nf5 20.Be5 Bxf3 21.Qxf3 f6 22.Bd4 Nxd4
23.Rxd4 e5 24.Rdd1 f5 25.Nb1 e4 26.Qe2 Qd6 27.Rfe1 Rc5 28.Bf1 Rec8 29.Na3 a6
30.Nc4 Nxc4 31.bxc4 b5 32.Qc2 bxc4 33.Rd4 c3 34.Rb1 Bg7 35.Rdb4 e3 36.Bg2 exf2+
37.Kxf2 a5 38.Ra4 Be5 39.g4 Bh2 40.gxf5 Qg3+ 41.Kf1 Rc4 42.Qe2 c2 43.Qe6+ Kg7
44.Rb7+ Kh6 45.Rxc4 c1=Q+  0-1

[Event "Valles Tancat 3th"]
[Site "Valles Tancat"]
[Date "1999.??.??"]
[Round "?"]
[White "Bravo, Narciso"]
[Black "Vidarte Morales, Arturo"]
[Result "1/2-1/2"]
[WhiteElo "2265"]
[BlackElo "2420"]

1.c4 Nf6 2.g3 g6 3.Bg2 Bg7 4.Nf3 O-O 5.O-O d5 6.cxd5 Nxd5 7.Nc3 Nb6 8.d3 Nc6
9.Bd2 e5 10.Rc1 Nd4 11.Ne4 c6 12.Nc5 Re8 13.Ng5 h6 14.Nge4 f5 15.e3 Nb5 16.Nc3 Nc7
17.Qc2 Kh7 18.Rfd1 Qe7 19.Ne2 Ne6 20.Bb4 Nxc5 21.Bxc5 Qf7 22.d4 Be6 23.b3 e4  1/2-1/2

[Event "Vantaa op"]
[Site "Vantaa"]
[Date "1999.??.??"]
[Round "3"]
[White "Salo, Tapio"]
[Black "Salimaki, Janne"]
[Result "1/2-1/2"]
[WhiteElo "2330"]
[BlackElo "2282"]

1.Nf3 Nf6 2.c4 g6 3.g3 Bg7 4.Bg2 O-O 5.d4 d6 6.O-O Nc6 7.Nc3 Bf5 8.d5 Na5
9.Nd2 Ne8 10.e4 Bd7 11.Qc2 c6 12.dxc6 Nxc6 13.Rb1 Rc8 14.b4  1/2-1/2

[Event "Vantaa op3"]
[Site "Vantaa"]
[Date "1999.??.??"]
[Round "6"]
[White "Parkkinen, Jyrki"]
[Black "Van Linde, Paul"]
[Result "1/2-1/2"]
[WhiteElo "2146"]
[BlackElo "2185"]

1.Nf3 Nf6 2.c4 g6 3.g3 Bg7 4.Bg2 O-O 5.O-O d5 6.cxd5 Nxd5 7.d4 Nc6 8.Nc3 Nb6
9.e3 e5 10.d5 e4 11.dxc6 Qxd1 12.Rxd1 exf3 13.Bxf3 bxc6 14.Rb1 Rb8 15.Bd2 Nc4
16.Na4 Rd8 17.Bc3 Rxd1+ 18.Rxd1 Bxc3 19.bxc3 Ne5 20.Rd8+ Kg7 21.Be4 Kf6 22.Bc2 Nd7
23.Bb3 Ke7 24.Rg8 Nf6 25.Rg7 Be6 26.Nc5 Bxb3 27.axb3 Rb5 28.Nd3 Rxb3 29.Ne5 Rb5
30.Nxc6+ Ke8 31.Nxa7 Rc5 32.h4 h5 33.Kg2 Rxc3 34.Nb5 Rc5 35.Nd4 Rd5 36.Kf3 c5
37.Nb5 Rd7 38.Nc3 Ke7  1/2-1/2

[Event "JUG-chT (Women)"]
[Site "Vrnjacka Banja"]
[Date "1999.??.??"]
[Round "5"]
[White "Stajic, Snezana"]
[Black "Bokan, Jelena"]
[Result "1/2-1/2"]
[WhiteElo "2078"]
[BlackElo "2119"]

1.Nf3 Nf6 2.c4 g6 3.g3 Bg7 4.Bg2 O-O 5.O-O d6 6.d4 Nbd7 7.Nc3 e5 8.e4 exd4
9.Nxd4 Re8 10.Re1 Ng4 11.f4 f5 12.h3 Nh6 13.Be3 Nf6 14.exf5 Nxf5 15.Nxf5 Bxf5
16.Qd2 c6 17.Rad1 Ne4 18.Nxe4 Bxe4 19.b3 Bxg2 20.Kxg2 Bf8  1/2-1/2

[Event "JUG-chT"]
[Site "Vrnjacka Banja"]
[Date "1999.??.??"]
[Round "11"]
[White "Drasko, Milan"]
[Black "Ristic, Nebojsa"]
[Result "1-0"]
[WhiteElo "2509"]
[BlackElo "2368"]

1.Nf3 Nf6 2.c4 g6 3.g3 Bg7 4.Bg2 O-O 5.d4 c5 6.O-O cxd4 7.Nxd4 Nc6 8.Nc3 d6
9.Nc2 Bd7 10.b3 Qa5 11.Bd2 Qh5 12.e4 Qxd1 13.Rfxd1 Bg4 14.f3 Be6 15.Rac1 Nd7
16.Nd5 Rfc8 17.Be3 Kf8 18.Nf4 a5 19.Nxe6+ fxe6 20.f4 Rc7 21.e5 dxe5 22.Na3 Nf6
23.Nb5 Rcc8 24.Bb6 exf4 25.gxf4 Ra6 26.c5 Nd5 27.Bxd5 exd5 28.Nc7 Rxc7 29.Bxc7 e6
30.Re1 Kf7 31.Be5 Bf8 32.Re2 Nb4 33.Rc3 Rc6 34.a3 Na6 35.b4 axb4 36.axb4 Nxb4
37.Rb2 Na6 38.Rxb7+ Kg8 39.Bd4 Bxc5 40.Kg2  1-0

[Event "Hoogovens-C op"]
[Site "Wijk aan Zee"]
[Date "1999.??.??"]
[Round "1"]
[White "Vul, Arkadi Eremeevich"]
[Black "De Jong, Tom"]
[Result "1/2-1/2"]
[WhiteElo "2445"]
[BlackElo "2300"]

1.Nf3 Nf6 2.c4 g6 3.g3 Bg7 4.Bg2 O-O 5.d4 d6 6.O-O Nc6 7.d5 Na5 8.Nbd2 c5
9.Ne1 a6 10.Rb1 b5 11.b3 Rb8 12.Qc2 e6 13.dxe6 Bxe6 14.cxb5 axb5 15.Nd3 Nd5
16.Bb2 Bxb2 17.Qxb2 c4 18.Bxd5 Bxd5 19.Nf4 Ba8 20.bxc4 Nxc4 21.Qd4 Nxd2 22.Qxd2 Qe7
23.Qd4 Rfc8 24.Rfd1 Rc2 25.a4 Qb7 26.Nd5 Qxd5 27.Qxd5 Bxd5 28.Rxd5 Re8 29.axb5 Rexe2
30.Rf1 Rb2 31.Rxd6  1/2-1/2

[Event "Hoogovens-C op"]
[Site "Wijk aan Zee"]
[Date "1999.??.??"]
[Round "3"]
[White "Vul, Arkadi Eremeevich"]
[Black "Van Delft, Merijn"]
[Result "0-1"]
[WhiteElo "2445"]
[BlackElo "2315"]

1.Nf3 Nf6 2.c4 g6 3.g3 Bg7 4.Bg2 O-O 5.d4 d6 6.Nc3 Nc6 7.O-O a6 8.b3 Rb8
9.Bb2 b5 10.cxb5 axb5 11.d5 Na5 12.Nd4 b4 13.Na4 Bb7 14.e4 Qd7 15.Rc1 Rfc8
16.Qd2 Ba8 17.Nc6 Nxc6 18.dxc6 Bxc6 19.Rxc6 Qxc6 20.e5 Ne4 21.Qe3 d5 22.Rc1 Qe6
23.Bxe4 dxe4 24.Qxe4 c6 25.Rc4 Rd8 26.Rxc6 Qh3 27.Bd4 Rbc8 28.Rxc8 Qxc8 29.Kg2 Qc1
30.Bc5 h5 31.Bxe7 Rd1 32.Bxb4 Rg1+ 33.Kf3 Qd1+ 34.Qe2 Qb1 35.Qe4 Qxa2 36.Nc5 Kh7
37.Qe3  0-1

[Event "Challengers"]
[Site "Hastings ENG"]
[Date "2000.01.02"]
[Round "5"]
[White "Akguc,B"]
[Black "Lentze,I"]
[Result "0-1"]
[WhiteElo "2146"]
[BlackElo "2247"]

1.Nf3 Nf6 2.c4 g6 3.g3 Bg7 4.Bg2 O-O 5.O-O d6 6.d4 Nbd7 7.d5 Nc5 8.Nd4 e5
9.dxe6 Nxe6 10.Nxe6 Bxe6 11.Bxb7 Rb8 12.Bg2 Bxc4 13.Qc2 Be6 14.Nc3 c5 15.e4 Qa5
16.Bd2 Qa6 17.Rfd1 Ng4 18.Bf4 Bd4 19.Rd2 Rb6 20.h3 Ne5 21.Bxe5 dxe5 22.Rb1 Qa5
23.Rc1 Rfb8 24.b3 c4 25.Ne2 cxb3 26.axb3 Bxb3 27.Qd3 Rd8 28.Kh2 Rbb8  0-1

[Event "Hilton Open"]
[Site "Basel SUI"]
[Date "2000.01.03"]
[Round "5"]
[White "Kustar,S"]
[Black "Lurje,P"]
[Result "0-1"]
[WhiteElo "2425"]
[BlackElo "2169"]

1.Nf3 Nf6 2.c4 g6 3.g3 Bg7 4.Bg2 O-O 5.O-O d6 6.d4 Nbd7 7.Nc3 e5 8.h3 c6
9.e4 exd4 10.Nxd4 Re8 11.Re1 Qb6 12.Nb3 Ne5 13.Bf1 Be6 14.Be3 c5 15.Nd2 a6
16.Nd5 Bxd5 17.cxd5 Qc7 18.a4 b5 19.b3 Ned7 20.Qc2 Rab8 21.axb5 axb5 22.Ra6 Rb6
23.Ra5 b4 24.Bg2 Rb7 25.Ra2 Nb6 26.f4 Nfd7 27.Re2 Ra7 28.Kh2 Rxa2 29.Qxa2 Ra8
30.Qc2 Re8 31.Nf3 Qa7 32.Bf2 Qa1 33.Be1 Qa3 34.Nd2 Qb2 35.Qd3 Qc1 36.Qb5 Rc8
37.e5 dxe5 38.fxe5 Bxe5 39.Nc4 Nxc4 40.Qxd7 Nb6 41.Qe7 Bc3 42.d6 Qd1 43.Bf2 Kg7
44.Re5 Bxe5 45.Qxe5+ Kg8 46.Be3 Qe2 47.Qe7 Nd5 48.Qd7 Nxe3 49.Qxc8+ Kg7 50.Qc6 Qf2
51.Kh1 Nf5 52.Qd5 Nxg3+ 53.Kh2 Ne2 54.Qe5+ Kh6 55.Qa1 Qf4+ 56.Kh1 Qxd6 57.Qe1  0-1

[Event "Belgian Interteams 2000-1"]
[Site "BEL"]
[Date "2000.01.07"]
[Round "6"]
[White "De Bruycker,B"]
[Black "Faybish,N"]
[Result "1-0"]
[WhiteElo "2216"]
[BlackElo "2211"]

1.Nf3 Nf6 2.c4 g6 3.g3 Bg7 4.Bg2 O-O 5.Nc3 d6 6.d3 e5 7.O-O Nc6 8.Rb1 a5
9.Bg5 h6 10.Bxf6 Bxf6 11.a3 Ne7 12.b4 axb4 13.axb4 Bg7 14.Qb3 Be6 15.Nd2 Rb8
16.b5 Qd7 17.Nd5 Nf5 18.Qb4 c6 19.bxc6 bxc6 20.Qxb8 Rxb8 21.Rxb8+ Kh7 22.e4 Nd4
23.Ne3 Qa7 24.Rfb1 h5 25.h4 Bh6 26.R8b7 Qc5 27.R7b2 Ne2+ 28.Kh2 Bxe3 29.Nb3 Qa7
30.Rxe2 Bxf2 31.Rf1 Bb6 32.Ra1 Qb8 33.Nd2 Bd4 34.Rb1 Qd8 35.Nf3 Bg4 36.Nxd4 exd4
37.Reb2 Be6 38.Rb7 Qf6 39.Rf1 Qe5 40.Bh3 Kg8 41.Re7 Bxh3 42.Rxe5 Bxf1 43.Re8+ Kg7
44.Rd8 Bxd3 45.Rxd6 c5 46.e5 Bxc4 47.Kg1 Kf8 48.Rc6 d3 49.Kf2 d2 50.Rd6 Ke7
51.Ke3 Be6 52.Kf4 c4 53.Rxd2 Bf5 54.Rd4 c3 55.Rc4 c2 56.Ke3 Ke6 57.Kd4 Ke7
58.Rc6 Kd7 59.Rc5 Ke6 60.Ke3 Ke7 61.Rc7+ Kd8 62.Rc3 Ke7 63.Kd4 Ke6 64.Rc7 f6
65.exf6 Kxf6 66.Rc6+ Ke7 67.Ke5 Kd7 68.Rc3 Ke7 69.Rc7+ Kd8 70.Kd6 Ke8 71.Rc3 Kf7
72.Ke5 Ke7 73.Kf4 Kf6 74.Rc5 Ke6 75.Ke3 Kd6 76.Kd4 Ke6 77.Rc6+ Kd7 78.Rc5 Kd6
79.Rc3 Ke6 80.Ke3 Kd5 81.Kd2 Kd4 82.Rf3 Ke4 83.Rf4+ Ke5 84.Rf1 Ke6 85.Re1+ Kd5
86.Kc3 Kd6 87.Rc1 Kd5 88.Kd2 Kd4 89.Ra1 Kd5 90.Ra4 Ke5 91.Rc4 Kd5 92.Rf4 Ke5
93.Kc1 Ke6 94.Rf2 Ke5 95.Rd2 Ke4 96.Rxc2  1-0

[Event "VII Anibal Open"]
[Site "Linares ESP"]
[Date "2000.01.12"]
[Round "6"]
[White "Frois,A"]
[Black "Turov,M"]
[Result "0-1"]
[WhiteElo "2397"]
[BlackElo "2529"]

1.Nf3 Nf6 2.c4 g6 3.g3 Bg7 4.Bg2 O-O 5.Nc3 d5 6.cxd5 Nxd5 7.O-O Nxc3 8.bxc3 e5
9.Rb1 e4 10.Ne1 Re8 11.Qc2 Qe7 12.d3 exd3 13.exd3 Nc6 14.Bf4 Nd8 15.Nf3 Ne6
16.Rfe1 Qd8 17.Be5 f6 18.Bd4 b6 19.Ng5 Rb8 20.Nxe6 Bxe6 21.Qa4 Qd6 22.Qc6 Rbd8
23.Re2 Bf7 24.Rbe1 Rxe2 25.Rxe2 Qxc6 26.Bxc6 Rd6 27.Bb5 Bf8 28.Be3 c6 29.Ba6 b5  0-1

[Event "Belgian Interteams 1999-2000"]
[Site "Antwerp BEL"]
[Date "2000.01.23"]
[Round "8"]
[White "De Bruycker,B"]
[Black "Van Mechelen,J"]
[Result "1-0"]
[WhiteElo "2202"]
[BlackElo "2246"]

1.Nf3 Nf6 2.c4 g6 3.g3 Bg7 4.Bg2 O-O 5.Nc3 c5 6.O-O Nc6 7.d3 d5 8.cxd5 Nxd5
9.Nxd5 Qxd5 10.Be3 Qd6 11.Rc1 Bxb2 12.Bxc5 Qc7 13.Rc2 Bg7 14.Nd4 Bxd4 15.Bxd4 Bd7
16.Bc5 Rfe8 17.d4 Rad8 18.d5  1-0

[Event "BCX Open"]
[Site "Brasilia BRA"]
[Date "2000.01.29"]
[Round "5"]
[White "Franco,H"]
[Black "Matsuura,E"]
[Result "1/2-1/2"]
[WhiteElo "2136"]
[BlackElo "2441"]

1.c4 Nf6 2.Nf3 g6 3.g3 Bg7 4.Bg2 O-O 5.O-O d5 6.cxd5 Nxd5 7.d4 Nb6 8.Nc3 Nc6
9.Bf4 Nxd4 10.Nxd4 e5 11.Nc6 bxc6 12.Be3 Bb7 13.Qb3 Qc8 14.Rac1 Rb8 15.Ne4 Ba6
16.Qc2 Nc4 17.b3 Nxe3 18.fxe3 Qd8 19.Rfd1 Qe7 20.Qxc6 Bxe2 21.Rd2 Bb5 22.Qxc7 Qa3
23.Qc5 Qxc5 24.Rxc5 Rfc8 25.Rxc8+ Rxc8 26.a4 Be8 27.g4 Kf8 28.g5 h6 29.h4 hxg5
30.hxg5 Ke7 31.Kf2 Rc1 32.Nd6 Rc3 33.Nxe8 Kxe8 34.Bd5 Bf8 35.Kf3 Bc5 36.Re2 Rc1
37.Ke4 Rc3 38.Bc4 a5 39.Kxe5 Rxe3+ 40.Kf4 Rxe2 41.Bxe2 Ke7 42.Bc4 f6  1/2-1/2

[Event "Perenyi Mem"]
[Site "Gyula HUN"]
[Date "2000.02.03"]
[Round "12"]
[White "Ruck,R"]
[Black "Vajda,L"]
[Result "1-0"]
[WhiteElo "2472"]
[BlackElo "2459"]

1.Nf3 Nf6 2.c4 g6 3.g3 Bg7 4.Bg2 O-O 5.d4 d6 6.O-O Nbd7 7.Nc3 e5 8.h3 Re8
9.e4 exd4 10.Nxd4 a6 11.Be3 Rb8 12.b3 Nc5 13.Qc2 Qe7 14.Rfe1 Nfxe4 15.Nxe4 Nxe4
16.Bxe4 Qxe4 17.Bd2 Qxe1+ 18.Rxe1 Rxe1+ 19.Bxe1 Bxd4 20.Qe4 Be5 21.f4 Bf5
22.Qe3 Bf6 23.g4 Bd7 24.Bc3 Re8 25.Qd3 Bxc3 26.Qxc3 Bc6 27.Qf6 d5 28.cxd5 Bxd5
29.f5 gxf5 30.gxf5 Be4 31.h4 h6 32.h5  1-0

[Event "5th It"]
[Site "Montecatini Terme ITA"]
[Date "2000.02.06"]
[Round "9"]
[White "Aldrovandi,C"]
[Black "Naumkin,I"]
[Result "1-0"]
[WhiteElo "2328"]
[BlackElo "2498"]

1.Nf3 Nf6 2.c4 g6 3.g3 Bg7 4.Bg2 O-O 5.O-O d5 6.cxd5 Nxd5 7.Nc3 Nxc3 8.dxc3 Qxd1
9.Rxd1 Nd7 10.Be3 c6 11.a4 Nf6 12.a5 a6 13.Ne5 Ng4 14.Nxg4 Bxg4 15.Bb6 Be5
16.Rd2 Rac8 17.Ra4 Be6 18.f4 Bc7 19.Bxc7 Rxc7 20.Kf2 Rb8 21.Rad4 Rcc8 22.Rb4 Kf8
23.Rb6 Ke8 24.Rd4 Rc7 25.Rdb4 c5 26.Rxb7 Rbxb7 27.Rxb7 Rxb7 28.Bxb7 Bc4 29.e4 Kd7
30.e5 Kc7 31.Bf3 f6 32.Ke3 Kd7 33.Bb7 Kc7 34.Be4  1-0

[Event "Petroff Mem Open"]
[Site "St Petersburg RUS"]
[Date "2000.02.07"]
[Round "1"]
[White "Chehlov,A"]
[Black "Solovjov,S"]
[Result "0-1"]
[WhiteElo "2248"]
[BlackElo "2449"]

1.Nf3 Nf6 2.g3 g6 3.Bg2 Bg7 4.c4 O-O 5.O-O d6 6.d4 Nbd7 7.Nc3 e5 8.h3 c6
9.Qc2 Re8 10.dxe5 dxe5 11.Be3 Qe7 12.Rad1 Nc5 13.b4 Bf5 14.Qc1 Na6 15.a3 Ne4
16.Nd2 Nxc3 17.Qxc3 e4 18.Qc2 h5 19.Nb3 Rad8 20.Kh2 h4 21.Qc1 Be5 22.Bf4 Nc7
23.Rxd8 Rxd8 24.Nc5 b6 25.Nb3 Qd6 26.Bxe5 Qxe5 27.Rd1 Rxd1 28.Qxd1 Ne6 29.Qc1 c5
30.e3 Ng5 31.bxc5 bxc5 32.a4 Nf3+ 33.Bxf3 hxg3+ 34.fxg3 exf3 35.Qd2 Kg7 36.a5 Bxh3  0-1

[Event "Wah Seong IM"]
[Site "Penang MYA"]
[Date "2000.02.26"]
[Round "1"]
[White "Liu Wenzhe"]
[Black "Myo Naing"]
[Result "1-0"]
[WhiteElo "2451"]
[BlackElo "2545"]

1.Nf3 Nf6 2.c4 g6 3.g3 Bg7 4.Bg2 O-O 5.O-O d6 6.Nc3 Nc6 7.d3 e5 8.Rb1 a5
9.a3 Nh5 10.b4 axb4 11.axb4 f5 12.b5 Ne7 13.Nd5 f4 14.Nd2 Nf5 15.Bb2 Bd7
16.Nf3 fxg3 17.hxg3 c6 18.Nc3 Nd4 19.Ne4 Nxf3+ 20.Bxf3 Bh3 21.Re1 Kh8 22.Qb3 Rc8
23.bxc6 bxc6 24.Ba3 Rxf3 25.exf3 Bf8 26.Qb6 Qd7 27.Qe3 Ng7 28.Qh6 Nh5 29.Qd2 Bf5
30.Rb3 Be7 31.d4 Bxe4 32.fxe4 Qe6 33.dxe5 dxe5 34.Bxe7 Qxe7 35.Reb1 Nf6 36.Qh6 Ng8
37.Qe3 Rc7 38.Rb8 Kg7 39.Qb6  1-0

[Event "Wah Seong IM"]
[Site "Penang MAS"]
[Date "2000.02.29"]
[Round "4"]
[White "Liu Wenzhe"]
[Black "Lim Chuing Hoong"]
[Result "1/2-1/2"]
[WhiteElo "2451"]
[BlackElo "2214"]

1.Nf3 Nf6 2.c4 g6 3.g3 Bg7 4.Bg2 O-O 5.O-O d6 6.Nc3 e5 7.d3 h6 8.Rb1 a5 9.a3 Re8
10.b4 axb4 11.axb4 e4 12.dxe4 Nxe4 13.Nxe4 Rxe4 14.Nd2 Re8 15.Bb2 Bxb2 16.Rxb2 Qf6
17.Rb3 Nc6 18.Ne4 Qg7 19.b5 Ne5 20.b6 f5 21.Nd2 c6 22.Qc2 Be6 23.Rc1 Nd7
24.e3 Ra6 25.Rcb1 Nc5 26.Rb4 Rea8 27.h3 Ra2 28.R4b2 R2a3 29.Nb3 Na4 30.Nd4 Nxb2
31.Nxe6 Qf7 32.Qxb2 Qxe6 33.Bxc6 Qe7 34.Bd5+ Kh7 35.Qd4 Rd8 36.h4 h5 37.Qf4 Qg7
38.Kg2 Ra6 39.Qg5 Rd7  1/2-1/2

[Event "Caissa Open"]
[Site "Kharkov UKR"]
[Date "2000.02.31"]
[Round "7"]
[White "Sukharev,S"]
[Black "Matjushin,O"]
[Result "0-1"]
[WhiteElo "2245"]
[BlackElo "2188"]

1.Nf3 Nf6 2.c4 g6 3.g3 Bg7 4.Bg2 O-O 5.d4 c6 6.Nc3 d5 7.cxd5 cxd5 8.Ne5 Nc6
9.O-O e6 10.Nxc6 bxc6 11.Na4 Qa5 12.Bd2 Qb5 13.b3 Nd7 14.Rc1 Bxd4 15.Bh6 Bg7
16.Bxg7 Kxg7 17.e4 Ba6 18.Re1 Rfc8 19.h4 Qd3 20.Qg4 Qd4 21.Rcd1 Qf6 22.exd5 h5
23.Qb4 cxd5 24.Rd2 Rc6 25.Nb2 Rac8 26.Nd3 Qc3 27.Qxc3+ Rxc3 28.Bf1 Bxd3 29.Bxd3 Rc1
30.Rdd1 Rxd1 31.Rxd1 Ne5 32.Bb1 Rc3 33.Kg2 Kf6 34.Rd2 Ke7 35.b4 Kd6 36.Bc2 Nc4
37.Re2 Na3 38.Bb3 a6 39.Rd2 Nc4 40.Bxc4 Rxc4 41.Rb2 f6 42.Kf3 Rc3+ 43.Ke2 Ra3
44.f3 g5 45.hxg5 fxg5 46.Kf2 e5 47.Kg2 d4 48.Kh3 Rxf3 49.a4 h4 50.b5 Rxg3+
51.Kh2 axb5 52.axb5 Kc7 53.Re2 Re3  0-1

[Event "16th Spring Festival"]
[Site "Budapest HUN"]
[Date "2000.03.23"]
[Round "7"]
[White "Hera,I"]
[Black "Csapo,Z"]
[Result "0-1"]
[WhiteElo "2312"]
[BlackElo "2250"]

1.Nf3 Nf6 2.c4 g6 3.g3 Bg7 4.Bg2 O-O 5.O-O c6 6.d4 d6 7.Nc3 a6 8.e4 b5 9.Qe2 bxc4
10.Qxc4 Nxe4 11.Nxe4 d5 12.Qe2 dxe4 13.Qxe4 Be6 14.Re1 Ra7 15.Be3 Bd5 16.Qh4 Rb7
17.b3 f6 18.Nd2 Rb4 19.a3 Rb5 20.Bf1 Rb7 21.Bh6 a5 22.Rac1 Nd7 23.Bxg7 Kxg7
24.Qg4 e5 25.dxe5 Nxe5 26.Qd1 Rd7 27.Rxe5 fxe5 28.Qe1 Qf6 29.Rc2 Rdf7 30.Ne4 Qf3
31.Bg2 Qxb3 32.Qc3 Qxc3 33.Nxc3 Bxg2 34.Kxg2 Rd8 35.Ne4 Rd4 36.Ng5 Rf6 37.Rc3 h6
38.Nf3 Rd5 39.Re3 Re6 40.Re4 Kf6 41.g4 g5 42.a4 c5 43.Re2 e4 44.Nd2 Rd4 45.Nb3 Rc4
46.Ra2 Ra6 47.Nd2 Rb4 48.Kf1 Ke5 49.Ra3 Rd6 50.Ke1 Rd3  0-1

[Event "FSIMB April"]
[Site "Budapest HUN"]
[Date "2000.04.03"]
[Round "3"]
[White "Vadasz,L"]
[Black "Rajlich,V"]
[Result "1-0"]
[WhiteElo "2285"]
[BlackElo "2309"]

1.Nf3 Nf6 2.c4 g6 3.g3 Bg7 4.Bg2 O-O 5.O-O d6 6.Nc3 e5 7.d4 Nbd7 8.e4 exd4
9.Nxd4 Re8 10.h3 a6 11.Be3 Rb8 12.b3 c5 13.Nde2 b5 14.Qxd6 b4 15.Na4 Nxe4
16.Bxe4 Rxe4 17.Rad1 Qe8 18.Nf4 g5 19.Ng2 Re6 20.Qd2 Ne5 21.f4 gxf4 22.Bxf4 Bb7
23.Nxc5 Nf3+ 24.Rxf3 Re2 25.Re3 Qc6 26.Qxe2 Qxc5 27.Bxb8  1-0

[Event "FSIMB April"]
[Site "Budapest HUN"]
[Date "2000.04.04"]
[Round "4"]
[White "Vadasz,L"]
[Black "Dolgener,T"]
[Result "1-0"]
[WhiteElo "2285"]
[BlackElo "2260"]

1.Nf3 Nf6 2.c4 g6 3.g3 Bg7 4.Bg2 O-O 5.O-O c6 6.d4 d5 7.Qa4 Nbd7 8.cxd5 cxd5
9.Nc3 Nb6 10.Qb3 Bf5 11.a4 Ne4 12.Bf4 Nxc3 13.bxc3 Qd7 14.Nd2 Rac8 15.Rfe1 Nc4
16.Nxc4 Rxc4 17.e4 Be6 18.exd5 Bxd5 19.Bxd5 Qxd5 20.Rxe7 Rxd4 21.Qxd5 Rxd5
22.Rxb7 Bxc3 23.Ra3 Bd4 24.Bh6 Rfd8 25.Kg2 Rh5 26.Be3 Bxe3 27.Rxe3 a5 28.Rf3 Rf8
29.Rf6 Kg7 30.Ra6 Rc8 31.Rb5 Rxb5 32.axb5 Rc3 33.Rxa5 Rb3 34.h4 h5 35.Kf1 Rb2
36.Ke1 Kf6 37.Ra6+ Ke5 38.Rb6 f6 39.Kf1 Kf5 40.Kg2 Rb3 41.Rb8 g5 42.hxg5 Kxg5
43.b6 Kg6 44.Kh3 Rb4 45.Kg2 Rb3 46.Kf1 Rb2 47.Ke1 Kg7 48.f3 Kh7 49.Kd1 Kg7
50.Kc1 Rb4 51.Kc2 Rb5 52.Kc3 Rb1 53.Kc4 Rc1+ 54.Kd5 Rd1+ 55.Kc6 Rc1+ 56.Kb7 Rc3
57.Rd8 Rxf3 58.Rd5 Rxg3 59.Rxh5 Kg6 60.Rc5 Rb3 61.Kc6 f5 62.b7 Rxb7 63.Kxb7 Kg5
64.Kc6 Kg4 65.Kd5 Kg3 66.Rc3+ Kg4 67.Ke5  1-0

[Event "Open"]
[Site "Bad Wildbad GER"]
[Date "2000.04.05"]
[Round "7"]
[White "Schulze,U"]
[Black "Seel,C"]
[Result "1-0"]
[WhiteElo "2368"]
[BlackElo "2176"]

1.Nf3 Nf6 2.g3 g6 3.Bg2 Bg7 4.c4 O-O 5.d4 d6 6.O-O Nbd7 7.Qc2 e5 8.Rd1 exd4
9.Nxd4 Nc5 10.e4 Bg4 11.f3 Bd7 12.Be3 Ne6 13.Nc3 h6 14.Nxe6 Bxe6 15.e5 Nd7
16.exd6 cxd6 17.Rxd6 Qe7 18.Rad1 Ne5 19.b3 Bxc4 20.bxc4 Nxf3+ 21.Kf2 Nxh2
22.Qe4 Be5 23.Kg1 Bxd6 24.Qxe7 Bxe7 25.Kxh2 Rac8 26.Bxh6 Rfd8 27.Bd5 Kh7
28.Bf4 a6 29.a4 b5 30.axb5 axb5 31.Rb1 g5 32.Be3 bxc4 33.Rb7 Bf6 34.Ne4 Be5
35.Nxg5+ Kg6 36.Bxf7+ Kf6 37.Rb6+ Rd6 38.Ne4+ Kxf7 39.Nxd6+ Bxd6 40.Rxd6 Re8
41.Bf4 Rc8 42.Rd7+ Ke6 43.Rc7 Rxc7 44.Bxc7 c3 45.Kh3 Kf5 46.Bf4 Kf6 47.Kg4 Kg6
48.Kf3 c2 49.g4  1-0

[Event "Open"]
[Site "Dos Hermanas ESP"]
[Date "2000.04.09"]
[Round "3"]
[White "Suba,M"]
[Black "Colovic,A"]
[Result "1/2-1/2"]
[WhiteElo "2510"]
[BlackElo "2414"]

1.c4 Nf6 2.Nf3 g6 3.g3 Bg7 4.Bg2 O-O 5.O-O d6 6.Nc3 e5 7.d4 Nbd7 8.h3 c6
9.e4 Qa5 10.Re1 exd4 11.Nxd4 Ne5 12.Bf1 Re8 13.Nb3 Qc7 14.f4 Ned7 15.Bg2 a5
16.Be3 a4 17.Nd4 Nc5 18.Bf2 Qb6 19.Rb1 Qb4 20.a3 Qa5 21.Qc2 Nfd7 22.Rbd1 Nb6
23.Bf1 Bd7 24.Nf3 Be6 25.Na2 Rad8 26.g4 Nb3 27.f5 Bc8 28.Kg2 Nd7 29.Bh4 Nf6
30.Nc3 h5 31.g5 Nd7 32.fxg6 fxg6 33.e5 Nxe5 34.Nxe5 Rxe5 35.Qxg6 Bf5 36.Qxh5 Bc2
37.Rxe5 Qxe5 38.Re1 Qf5 39.Re8+ Rxe8 40.Qxe8+ Kh7 41.Be2 Nd2 42.Qe3 Ne4 43.Bg4 Qe5
44.Bg3 Nxg3 45.Qxg3 Qxg5 46.Qxd6 Qe3 47.Qd7 Qf4 48.Qe7 Bf5 49.Be2 Kh6 50.h4 Be5
51.Qg5+ Qxg5+ 52.hxg5+ Kxg5 53.Nxa4 Kf4  1/2-1/2

[Event "Open"]
[Site "Dos Hermanas ESP"]
[Date "2000.04.10"]
[Round "4"]
[White "Frois,A"]
[Black "Banikas,H"]
[Result "0-1"]
[WhiteElo "2350"]
[BlackElo "2535"]

1.Nf3 Nf6 2.c4 g6 3.g3 Bg7 4.Bg2 O-O 5.O-O c6 6.d4 d6 7.Nc3 Qa5 8.h3 Qa6
9.Qa4 Qxa4 10.Nxa4 Na6 11.b3 Rb8 12.Nc3 b5 13.cxb5 cxb5 14.Bg5 Bb7 15.a4 bxa4
16.Rxa4 Rfc8 17.Bd2 Ne8 18.e3 e5 19.dxe5 Nc5 20.Rxa7 Nxb3 21.Be1 dxe5 22.Ng5 Bxg2
23.Kxg2 Rc7 24.Rxc7 Nxc7 25.Nb1 f5 26.Bc3 h6 27.Nf3 e4 28.Ne5 Nd5 29.Nc6 Rc8
30.Bxg7 Kxg7  0-1

[Event "Millennium Masters"]
[Site "Oakham ENG"]
[Date "2000.04.12"]
[Round "2"]
[White "Norris,A"]
[Black "Gormally,D"]
[Result "0-1"]
[WhiteElo "2301"]
[BlackElo "2504"]

1.Nf3 Nf6 2.c4 g6 3.g3 Bg7 4.Bg2 O-O 5.O-O d5 6.cxd5 Nxd5 7.Nc3 c5 8.Nxd5 Qxd5
9.d3 Nc6 10.Be3 Bxb2 11.Rb1 Bf6 12.Nd4 Qxa2 13.Ra1 Qb2 14.Rb1 Qa3 15.Ra1 Qb4
16.Rb1 Nxd4 17.Rxb4 cxb4 18.Bxd4 Bxd4 19.Qa4 a5 20.Rb1 Bc3 21.Bd5 e6 22.Bc4 Rd8
23.Bb5 Rd5 24.e4 Rxb5 25.Qxb5 a4 26.e5 a3 27.d4 a2 28.Ra1 Bxa1 29.Qe8+ Kg7
30.Qd8 Bd7 31.Qxa8 b3 32.Qd8 b2 33.Qf6+ Kg8 34.Qd8+ Be8  0-1

[Event "Open"]
[Site "Dos Hermanas ESP"]
[Date "2000.04.13"]
[Round "7"]
[White "Suba,M"]
[Black "Reinaldo Castineira,R"]
[Result "1-0"]
[WhiteElo "2510"]
[BlackElo "2345"]

1.Nf3 Nf6 2.c4 g6 3.g3 Bg7 4.Bg2 O-O 5.O-O d5 6.cxd5 Nxd5 7.Nc3 Nc6 8.d4 Nb6
9.e3 e5 10.d5 Na5 11.Nd2 Nac4 12.Qe2 Nd6 13.a4 f5 14.a5 Nd7 15.e4 Nf6 16.Rd1 fxe4
17.Ndxe4 Nf5 18.Bg5 Nd4 19.Qc4 Kh8 20.Bxf6 Bxf6 21.Nb5 Nxb5 22.Qxb5 Be7 23.Rac1 Bd6
24.Rd2 Bf5 25.Qxb7 Bxe4 26.Bxe4 Qb8 27.Qa6 Qb4 28.Re2 Qd4 29.Kg2 Rab8 30.Rc4 Qd1
31.Rec2 Qe1 32.h4 Rb4 33.Qxa7 Rfb8 34.Rc1 Qe2 35.Bf3 Qxb2 36.Rxc7 Bxc7 37.Rxc7 R4b7
38.Rxb7 Rxb7 39.Qa8+ Rb8 40.Qc6 Rf8 41.d6 e4 42.Qxe4 Qf6 43.Qd5 Rd8 44.a6 Rxd6
45.Qxd6  1-0